[Event "1.GRS Open"]
[Site "Ober-Ramstadt, Modauhalle"]
[Date "2024.07.27"]
[Round "3.62"]
[White "Riedel, Thomas"]
[Black "Hasenpflug, Till"]
[Result "1-0"]
[WhiteElo "1845"]
[BlackElo "1680"]
[PlyCount "61"]
[EventDate "2024.07.26"]
[WhiteTeam "SC Einrich e.V."]
[BlackTeam "SK Bad Homburg 1927"]

1. e4 c5 2. Nc3 Nc6 3. Bb5 g6 4. Bxc6 bxc6 5. f4 Bg7 6. Nf3 d6 7. O-O Nf6 8. d3 O-O 9. Qe1 Rb8 10. Qh4 Qb6 11. Kh1 Qc7 12. Rb1 Ne8 13. Bd2 f5 14. exf5 Bxf5 15. g4 Bd7 16. f5 gxf5 17. Bh6 fxg4 18. Ng5 Bf5 19. Bxg7 Kxg7 20. Rxf5 Rxf5 21. Qxh7+ Kf6 22. Qf7+ Kxg5 23. Ne4+ Kh6 24. Qxf5 e5 25. Qxg4 Qf7 26. Rg1 Qh5 27. Qe6+ Kh7 28. Qe7+ Kh8 29. Qf8+ Kh7 30. Qg8+ Kh6 31. Qh8# 1-0

[Event "1.GRS Open"]
[Site "Ober-Ramstadt, Modauhalle"]
[Date "2024.07.27"]
[Round "3.64"]
[White "Liu, Jonas"]
[Black "Gärtner, Johannes"]
[Result "0-1"]
[WhiteElo "1519"]
[BlackElo "1811"]
[PlyCount "90"]
[EventDate "2024.07.26"]
[WhiteTeam "SV Oberursel"]
[BlackTeam "Sfr.Mainz 1928"]

1. e4 e6 2. d4 d5 3. e5 c5 4. c3 Nc6 5. Nf3 Qb6 6. Be2 cxd4 7. cxd4 Nge7 8. Na3 Nf5 9. Nc2 Bd7 10. O-O Be7 11. Kh1 Rc8 12. a3 Na5 13. b4 Nc4 14. Rb1 Ba4 15. Bd3 f6 16. Qe2 fxe5 17. dxe5 O-O 18. g4 Nh4 19. Nxh4 Bxh4 20. f4 Be7 21. g5 g6 22. Ne3 Nxe3 23. Bxe3 d4 24. Bg1 Bc6+ 25. Be4 Rfd8 26. Rbd1 Bb5 27. Bd3 Bc6+ 28. Be4 Bb5 29. Bd3 Qc6+ 30. Qf3 Qxf3+ 31. Rxf3 Bc6 32. Be2 Bxf3+ 33. Bxf3 Rc3 34. Bg4 Kf7 35. Ra1 a5 36. bxa5 Rxa3 37. Rb1 Rxa5 38. Rxb7 Ra6 39. h4 d3 40. Rb1 d2 41. h5 Ra4 42. Be3 Re4 43. Bb6 Re1+ 44. Kh2 Rxb1 45. hxg6+ hxg6 0-1

[Event "1.GRS Open"]
[Site "Ober-Ramstadt, Modauhalle"]
[Date "2024.07.27"]
[Round "3.66"]
[White "Erhardt, Daniel"]
[Black "Leopold, Patrick"]
[Result "1-0"]
[WhiteElo "1791"]
[BlackElo "1657"]
[PlyCount "49"]
[EventDate "2024.07.26"]
[WhiteTeam "SC Ostfildern 1952 e.V."]
[BlackTeam "SG Springer Burghaun"]

1. c4 Nf6 2. Nc3 d5 3. cxd5 Nxd5 4. g3 Bf5 5. Bg2 c6 6. Qb3 Nb6 7. e4 Be6 8. Qc2 Bc4 9. b3 Bd3 10. Qd1 e5 11. Bb2 Bc5 12. Nce2 N8d7 13. Nf3 Bxe4 14. O-O Qe7 15. Re1 Bd6 16. Nxe5 Bxe5 17. Bxe5 Nxe5 18. Bxe4 O-O 19. Nc3 Qd6 20. Bxh7+ Kxh7 21. Qh5+ Kg8 22. Rxe5 Qxd2 23. Ne4 Qb2 24. Nf6+ gxf6 25. Qg4+ 1-0

[Event "1.GRS Open"]
[Site "Ober-Ramstadt, Modauhalle"]
[Date "2024.07.27"]
[Round "3.73"]
[White "Aurich, Michael"]
[Black "Roth, Benjamin"]
[Result "0-1"]
[WhiteElo "1644"]
[BlackElo "1927"]
[PlyCount "84"]
[EventDate "2024.07.26"]
[WhiteTeam "SAbt TEC Darmstadt"]
[BlackTeam "Sabt Frankfurter TV 1860"]

1. d4 Nf6 2. c4 c5 3. Nf3 g6 4. b3 Bg7 5. Bb2 cxd4 6. Bxd4 Nc6 7. Bc3 d6 8. h3 Qb6 9. e3 O-O 10. Be2 Bf5 11. Nbd2 Rfd8 12. Nh4 Be6 13. O-O d5 14. Qc2 dxc4 15. Bxc4 Bxc4 16. Nxc4 Qc7 17. Rad1 Rac8 18. Nf3 b5 19. Rxd8+ Rxd8 20. Bxf6 Bxf6 21. Ncd2 Qb6 22. Ne4 Bg7 23. Qe2 a6 24. Rc1 Ne5 25. Nd4 Qb7 26. Nc5 Qb6 27. Ne4 h6 28. Rc2 b4 29. f4 Nd3 30. Rc6 Qa7 31. Qf3 Bxd4 32. exd4 Qxd4+ 33. Kh1 Kg7 34. Rc2 f5 35. Ng3 Qxf4 36. Qe2 Qe5 37. Qd2 Rd6 38. Rc4 Nb2 39. Qc2 Nxc4 40. Qxc4 f4 41. Ne4 Rd4 42. Qc2 Rxe4 0-1

[Event "1.GRS Open"]
[Site "Ober-Ramstadt, Modauhalle"]
[Date "2024.07.27"]
[Round "3.75"]
[White "Pham-Tran, Phuong-Bao"]
[Black "Dick, Markus"]
[Result "1-0"]
[WhiteElo "1893"]
[BlackElo "1590"]
[PlyCount "47"]
[EventDate "2024.07.26"]
[WhiteTeam "Sabt Frankfurter TV 1860"]
[BlackTeam "SV 1934 Ffm-Griesheim"]

1. e4 e5 2. Nf3 Nc6 3. Bb5 f5 4. d3 fxe4 5. dxe4 Nf6 6. O-O Bc5 7. Bxc6 bxc6 8. Nxe5 O-O 9. Nd2 Ba6 10. c4 Qe7 11. Nd3 Bb6 12. e5 Ne8 13. Qa4 Bb7 14. c5 Qg5 15. cxb6 axb6 16. Qc4+ Kh8 17. f4 Qg6 18. Qe4 Qh6 19. Nf3 d5 20. Qb4 c5 21. Nxc5 Bc6 22. Ne6 Rf7 23. Neg5 Rf5 24. Nd4 1-0

[Event "1.GRS Open"]
[Site "Ober-Ramstadt, Modauhalle"]
[Date "2024.07.27"]
[Round "3.76"]
[White "Rodriguez, Jose"]
[Black "Kail, Sindy"]
[Result "0-1"]
[WhiteElo "1580"]
[BlackElo "1876"]
[PlyCount "78"]
[EventDate "2024.07.26"]
[WhiteTeam "Mosbacher SC von 1931"]
[BlackTeam "SK 1925 Großwallstadt"]

1. Nf3 c5 2. g3 Nf6 3. Bg2 d5 4. d3 Nc6 5. O-O e5 6. c4 Be7 7. cxd5 Nxd5 8. Nc3 Be6 9. e4 Ndb4 10. Ne1 Qd7 11. a3 Na6 12. Nd5 Rd8 13. Be3 Bxd5 14. exd5 Nd4 15. Rc1 O-O 16. Bxd4 exd4 17. Qb3 b6 18. Nc2 Nc7 19. Rfe1 Bf6 20. Re2 Nxd5 21. Bxd5 Qxd5 22. Qxd5 Rxd5 23. Rce1 b5 24. b3 Rdd8 25. f4 c4 26. bxc4 bxc4 27. Nb4 cxd3 28. Nxd3 g6 29. g4 h6 30. Re4 Rc8 31. g5 hxg5 32. fxg5 Bxg5 33. Rxd4 Rc3 34. a4 Bd8 35. Rd5 Bb6+ 36. Kf1 Ra3 37. Re4 Rc8 38. Rg4 Rc2 39. Ne1 Rf2+ 0-1

[Event "1.GRS Open"]
[Site "Ober-Ramstadt, Modauhalle"]
[Date "2024.07.27"]
[Round "3.83"]
[White "Rajagopalan,Srinivasan"]
[Black "Moldenhauer, Lennart"]
[Result "1/2-1/2"]
[WhiteElo "1463"]
[BlackElo "1792"]
[PlyCount "156"]
[EventDate "2024.07.26"]
[WhiteTeam "Offenbach"]
[BlackTeam "SV Oberursel"]

1. e4 g6 2. d4 Bg7 3. Nc3 d6 4. Nf3 Nf6 5. Bc4 O-O 6. Be3 Nc6 7. Qd2 Ng4 8. Bg5 h6 9. Bh4 Nf6 10. h3 Nxe4 11. Qd3 Bf5 12. g4 Nxf2 13. Qe2 Nxg4 14. hxg4 Bxg4 15. O-O-O Qd7 16. Rhg1 Nxd4 17. Rxd4 Bxd4 18. Qe4 Qf5 19. Rxg4 Qxe4 20. Nxe4 Be3+ 21. Kd1 g5 22. Ke2 Bf4 23. Bf2 Rad8 24. Nc3 c6 25. Bxa7 d5 26. Bb3 f5 27. Rg1 e5 28. a3 g4 29. Bc5 Rf7 30. a4 Kh7 31. Ne1 Re8 32. a5 h5 33. Rh1 Kg6 34. Nd1 Rh7 35. c3 h4 36. Bc2 e4 37. Ng2 Bc7 38. b4 h3 39. Nge3 Kg5 40. Nf2 Re6 41. Kf1 Reh6 42. Rg1 h2 43. Rh1 g3 44. Nfd1 f4 45. Ng2 Re6 46. Nb2 Rg7 47. Bd4 Rg8 48. Nd1 Bb8 49. Bb6 Be5 50. Bc5 Bb8 51. Bb6 e3 52. Bd3 Rge8 53. Be2 Rf8 54. Bc5 Rf7 55. Ne1 Bc7 56. Kg2 Bb8 57. Nf3+ Kg6 58. Nd4 Re8 59. Nf3 Kf5 60. Nb2 Be5 61. Nd1 Bh8 62. Bd3+ Kf6 63. Bd4+ Ke7 64. Bg6 Bxd4 65. Nxd4 Kf6 66. Bxf7 Kxf7 67. Ne2 Re4 68. Rf1 Kg6 69. Rxf4 Rxf4 70. Nxf4+ Kg5 71. Nh3+ Kf5 72. Nxe3+ Ke4 73. Nd1 d4 74. Ng5+ Kd5 75. Nf3 dxc3 76. Nxc3+ Kc4 77. Na2 c5 78. bxc5 Kxc5 1/2-1/2

[Event "1.GRS Open"]
[Site "Ober-Ramstadt, Modauhalle"]
[Date "2024.07.27"]
[Round "3.88"]
[White "Münstermann, Matthias"]
[Black "Homfeld, Maren"]
[Result "0-1"]
[WhiteElo "1441"]
[BlackElo "1787"]
[PlyCount "109"]
[EventDate "2024.07.26"]
[WhiteTeam "SK Langen"]
[BlackTeam "SC Noris-Tarrasch Nürnberg 1873"]

1. d4 e6 2. c4 b6 3. Nf3 h6 4. Nc3 Bb4 5. Bd2 Bxc3 6. Bxc3 Nf6 7. e3 Ne4 8. Qc2 Nxc3 9. Qxc3 c5 10. d5 Qf6 11. Qxf6 gxf6 12. e4 d6 13. dxe6 fxe6 14. O-O-O Ke7 15. Bd3 e5 16. Nh4 Kf7 17. Be2 Rd8 18. Bh5+ Kg7 19. Rhf1 Nc6 20. f4 a5 21. fxe5 Nxe5 22. b3 Bg4 23. Bxg4 Nxg4 24. Nf5+ Kf7 25. h3 Nh2 26. Rh1 Kg6 27. Rxh2 Rd7 28. Rhh1 Rh8 29. Rxd6 Rxd6 30. Nxd6 Rb8 31. Rd1 h5 32. Kd2 Rd8 33. Ke3 Rd7 34. Rd5 Re7 35. Kf4 Re5 36. Rxe5 fxe5+ 37. Kxe5 Kg5 38. Nf5 h4 39. Nxh4 a4 40. Kd6 b5 41. e5 axb3 42. axb3 bxc4 43. bxc4 Kf4 44. e6 Ke4 45. e7 Kf4 46. e8=Q Kg5 47. Qe7+ Kh6 48. Nf5+ Kh5 49. Qh7+ Kg5 50. g3 Kf6 51. Qh6+ Kxf5 52. Qe6+ Kg5 53. Ke5 Kh5 54. Qg4+ Kh6 55. Kf6 0-1